Social responsibility and environmental sustainability in business : (Record no. 43647)

MARC details
000 -LEADER
fixed length control field 01433nam a22003137a 4500
005 - DATE AND TIME OF LATEST TRANSACTION
control field 20100903154458.0
008 - FIXED-LENGTH DATA ELEMENTS--GENERAL INFORMATION
fixed length control field 100903t xxu||||| |||| 00| 0 eng d
010 ## - LCCN (DPL NO)
LC control number ENG-101406
020 ## - INTERNATIONAL STANDARD BOOK NUMBER
International Standard Book Number 9788132104643
Terms of availability 350.00
035 ## - SYSTEM CONTROL NUMBER
System control number EN-84939
037 ## - SOURCE OF ACQUISITION
Source of stock number/acquisition DBAD/PUB
040 ## - CATALOGING SOURCE
Original cataloging agency Dpl
Language of cataloging Eng
082 00 - DEWEY DECIMAL CLASSIFICATION NUMBER
Classification number 658.408
100 1# - MAIN ENTRY--PERSONAL NAME
9 (RLIN) 18020
245 10 - TITLE STATEMENT
Title Social responsibility and environmental sustainability in business :
Statement of responsibility, etc edited by Preeta M. Banerjee [and] Vanita Shastri.
Remainder of title how organizations handle profits and social duties /
260 ## - PUBLICATION, DISTRIBUTION, ETC. (IMPRINT)
Place of publication, distribution, etc New Delhi
Name of publisher, distributor, etc SAGE Publications
Date of publication, distribution, etc 2010
270 ## - ADDRESS
Address B1/I-1 Mohan Cooperative In dustrial Area, Mathura Road
City New Delhi
Postal code 110044
300 ## - PHYSICAL DESCRIPTION
Extent xxxii,184p. :
Other physical details ill.
Dimensions 23cm (pbk)
500 ## - GENERAL NOTE
General note Includes bibliographical references and index.
650 #0 - SUBJECT ADDED ENTRY--TOPICAL TERM
Topical term or geographic name as entry element Social responsibility of business.
9 (RLIN) 18021
650 #0 - SUBJECT ADDED ENTRY--TOPICAL TERM
Topical term or geographic name as entry element Social entrepreneurship.
9 (RLIN) 18022
650 #0 - SUBJECT ADDED ENTRY--TOPICAL TERM
Topical term or geographic name as entry element Corporations
9 (RLIN) 18023
General subdivision Environmental aspects.
700 ## - ADDED ENTRY--PERSONAL NAME
Personal name Banerjee, Preeta M.
9 (RLIN) 18024
700 ## - ADDED ENTRY--PERSONAL NAME
Personal name Shastri, Vanita
9 (RLIN) 18176
856 41 - ELECTRONIC LOCATION AND ACCESS
Materials specified Table of contents only
Uniform Resource Identifier <a href="http://www.loc.gov/catdir/toc/ecip0813/2008011837.html">http://www.loc.gov/catdir/toc/ecip0813/2008011837.html</a>
942 ## - ADDED ENTRY ELEMENTS (KOHA)
Source of classification or shelving scheme Dewey Decimal Classification
Item type English Books
Classification part 658.408
Call number suffix SOC
Holdings
Withdrawn status Lost status Source of classification or shelving scheme Damaged status Not for loan Collection code Home library Current library Date acquired Source of acquisition Cost, normal purchase price Total Checkouts Full call number Barcode Date last seen Copy number Cost, replacement price Koha item type
    Dewey Decimal Classification   Not For Loan Non-fiction D.B.Act.Division D.B.Act.Division 03/09/2010 DBAD/PUB 350.00   658.408 SOC EN-84939 03/09/2010 1 350.00 English Books

© Delhi Public Library
Hit Counter
free hit counter